000 00426nam a2200181Ia 4500
001 4174
005 20260306145736.0
008 260306t2005||||xx |||||||||||||| ||spa||
041 _aESP
082 _a309.185
_bC85
100 _aCotler, Julio
_eAUT
245 0 _aClases, estado y nación en el Perú
260 _c2005
300 _a359 páginas :
_c23 cm.
650 _aGEN
654 _aCHU
942 _cLIB
_dJUS
_fJUS
_2ddc
_n
999 _c4174
_d4174